Datum a čas kvízu

10 Celkem bodů Celkový počet nahraných bodů na tomto kvízu bez doplňovacích otázek.
3. Pořadí na kvízu Konečné umístění týmu na tomto kvízu.

Zaznamenané odpovědi

# Otázka Odpověď Body Výsledky
1. Pouze jediný československý pr... 0
2. Policie doporučila obvinit pre... 0
3. Třicetiletá oscarová zpěvačka... 0
4. Americký provozovatel celosvět... 0
5. Zápas mezi americkým šampionem... 0
6. Čertů se v kultuře, zeměpisnýc... 0
7. Roli čerta v pohádce Čert ví p... 1
8. Tenkrát bylo veselo a dost mál... 0
9. Na obrázku vidíme znak pražské... 0
10. "U nás ochutnat znamená ___!"... 1